00195 a2200085 4500260001300000100001200013245006600025260001000091130000800101 bO.C.D.E. aO.C.D.E aNormes d'émission pour les principaux polluants de l'air... aParis lFr.